| 000 | 00703nam a2200217 a 4500 | ||
|---|---|---|---|
| 001 | 000686647 | ||
| 003 | AM-YeHGA | ||
| 005 | 20250617142259.0 | ||
| 008 | 090930s1984 ||| r 000 0 rus d | ||
| 040 | _aAM-YeHGA | ||
| 041 | 1 |
_arus _hger |
|
| 100 | 1 | _aШтритматтер, Эрвин | |
| 245 | 1 | 0 |
_aИзбранное / _cЭрвин Штритматтер; Пер. с нем. С. Фринлянд. |
| 246 | 1 | 5 | _aDer Laden |
| 260 |
_aМосква : _bРадуга, _c1984. |
||
| 300 |
_a528 с. : _bил. |
||
| 440 | 0 | _aМастера современной прозы | |
| 653 | 0 | _aНемецкая литература | |
| 700 | 1 |
_aФринлянд, С. _eпер. _4trl |
|
| 090 | _c256276 | ||
| 999 |
_c254673 _d254673 |
||